José Ramírez : (Record no. 198221)

MARC details
000 -LEADER
campo de control de longitud fija 01504nam a2200385 i 4500
001 - NÚMERO DE CONTROL
campo de control 198221
003 - IDENTIFICADOR DE NÚMERO DE CONTROL
campo de control ES-MaACL
005 - FECHA Y HORA DE LA ÚLTIMA TRANSACCIÓN
campo de control 20260608211602.0
007 - CAMPO FIJO DE DESCRIPCIÓN FÍSICA--INFORMACIÓN GENERAL
campo de control de longitud fija ta
008 - DATOS DE LONGITUD FIJA--INFORMACIÓN GENERAL
campo de control de longitud fija 260414s2006 sp a|||| |||| 001 0 spa d
017 ## - NÚMERO DE COPYRIGHT O DE DEPÓSITO LEGAL
Número de copyright o de depósito legal M 47553-2006
020 ## - NÚMERO INTERNACIONAL ESTÁNDAR DEL LIBRO
Número Internacional Estándar del Libro 84-933961-3-3
040 ## - FUENTE DE CATALOGACIÓN
Centro catalogador/agencia de origen ES-MaACL
Lengua de catalogación spa
Centro/agencia transcriptor ES-MaACL
Normas de descripción rda
080 ## - NÚMERO DE LA CLASIFICACIÓN DECIMAL UNIVERSAL
Número de la Clasificación Decimal Universal 681.817.61.061:061.5(460.27)(091)
100 1# - ENTRADA PRINCIPAL--NOMBRE DE PERSONA
Nombre de persona Ramírez, Amalia
Relación aut
9 (RLIN) 242976
Término indicativo de función/relación Autor
245 10 - MENCIÓN DEL TÍTULO
Título José Ramírez :
Resto del título constructor de guitarras, luthier, 1882-2007 /
Mención de responsabilidad, etc. autor = author, Amalia Ramírez ; traducción = translation, Annette Brooks ; fotografía = phtography, Patricia Soto [y otros 5]
264 #1 - PRODUCCIÓN, PUBLICACIÓN, DISTRIBUCIÓN, FABRICACIÓN Y COPYRIGHT
Producción, publicación, distribución, fabricación y copyright Madrid :
Nombre del de productor, editor, distribuidor, fabricante Casa Ramírez,
Fecha de producción, publicación, distribución, fabricación o copyright 2006
300 ## - DESCRIPCIÓN FÍSICA
Extensión CCV páginas :
Otras características físicas principalmente ilustraciones (blanco y negro y color) ;
Dimensiones 28 cm
336 ## - TIPO DE CONTENIDO
Fuente rdacontent
Término de tipo de contenido Texto
-- imagen fija
337 ## - TIPO DE MEDIO
Fuente rdamedia
Nombre/término del tipo de medio sin mediación
338 ## - TIPO DE SOPORTE
Fuente rdacarrier
Nombre/término del tipo de soporte volumen
500 ## - NOTA GENERAL
Nota general Registro provisional A-16002. Depósito 1
500 ## - NOTA GENERAL
Nota general En cubierta: 125 aniversario, anniversary
500 ## - NOTA GENERAL
Nota general Índice
546 ## - NOTA DE IDIOMA
Nota de lengua/lenguaje Texto en español e inglés
610 24 - PUNTO DE ACCESO ADICIONAL DE MATERIA--NOMBRE DE ENTIDAD CORPORATIVA
Nombre de entidad corporativa o nombre de jurisdicción como elemento de entrada Guitarras Ramírez
Subdivisión de forma Historia
9 (RLIN) 242979
700 1# - ENTRADA AGREGADA--NOMBRE PERSONAL
Nombre de persona Brooks, Annette
Relación trl
9 (RLIN) 242977
Término indicativo de función/relación Traductor
700 1# - ENTRADA AGREGADA--NOMBRE PERSONAL
Nombre de persona Soto, Patricia
Relación pht
9 (RLIN) 242978
Término indicativo de función/relación Fotógrafo
852 ## - LOCALIZACIÓN
Ubicación ES-MaACL
Ubicación en estantería Depósito 1
Número de control de estantería A-16002
Encuadernación Encuadernación rústica con solapas
itemnumber 207203
942 ## - ELEMENTOS DE ENTRADA SECUNDARIOS (KOHA)
Tipo de ítem Koha Libro impreso
Suprimir en OPAC No
Holdings
Estatus retirado Estado de pérdida Fuente del sistema de clasificación o colocación Estado de daño No para préstamo Biblioteca de origen Biblioteca actual Ubicación en estantería Fecha de adquisición Fuente de adquisición Total de préstamos Signatura topográfica completa Código de barras Visto por última vez Precio de reemplazo Tipo de ítem Koha
    Clasificación decimal universal     Biblioteca del Ateneo de Madrid Biblioteca del Ateneo de Madrid Depósito 1 09/04/2026 Donación   A-16002 2026-0196 14/04/2026 14/04/2026 Libro impreso